[Event "Titled Tuesday intern op 01st Aug Early"]
[Site "Chess.com INT"]
[Date "2023.08.01"]
[Round "10"]
[White "Derige Kane, Yan"]
[Black "Kovalevsky, Stanislav"]
[Result "0-1"]
[WhiteElo "2162"]
[BlackElo "2163"]
[PlyCount "146"]
[EventDate "2023.08.01"]
[EventType "swiss (blitz)"]
[EventRounds "11"]
[EventCountry "USA"]
[SourceTitle "EXT 2024"]
[Source "ChessBase"]
[SourceDate "2023.10.10"]
[SourceVersion "1"]
[SourceVersionDate "2023.10.10"]
[SourceQuality "1"]

1. d4 d5 2. c4 c6 3. Nc3 Nf6 4. Nf3 dxc4 5. a4 a5 6. e4 Bg4 7. Bxc4 Bxf3 8. gxf3 e6 9. Qb3 Bb4 10. Rg1 Qxd4 11. Be3 Qe5 12. f4 Qxe4 13. 0-0-0 Bxc3 14. Qxc3 Nbd7 15. Rxg7 Rf8 16. Rgg1 Nd5 17. Bxd5 cxd5 18. Rge1 Qxa4 19. f5 Qc6 20. Qxc6 bxc6 21. fxe6 fxe6 22. Bd4 Ke7 23. Re2 Kd6 24. Rde1 Rae8 25. Bc3 a4 26. Rg1 c5 27. Rg7 Re7 28. Rg4 d4 29. Be1 e5 30. Rh4 Rf4 31. Rh6+ Rf6 32. Rh3 Nb6 33. b3 Kd5 34. bxa4 Nxa4 35. Ra3 Nb6 36. f3 Nc4 37. Rb3 Rb6 38. Rxb6 Nxb6 39. Bg3 e4 40. fxe4+ Rxe4 41. Rf2 Kc4 42. Rc2+ Kb5 43. Rb2+ Kc6 44. Rf2 c4 45. Rf6+ Kb5 46. Bc7 Na4 47. Bd6 c3 48. Kc2 Kc4 49. Rf8 d3+ 50. Kb1 Re1+ 51. Ka2 Nc5 52. Rc8 d2 53. Bxc5 d1Q 54. Bf2+ Kb5 55. Rb8+ Kc6 56. Bxe1 Qxe1 57. Rc8+ Kb7 58. Rh8 Qd2+ 59. Kb3 Qb2+ 60. Kc4 c2 61. Rxh7+ Kc6 62. Rh6+ Kd7 63. Rh7+ Ke6 64. Rh6+ Kf7 65. Rh7+ Kg6 66. Rh3 c1Q+ 67. Kd5 Qbd2+ 68. Ke4 Qce1+ 69. Kf3 Qdf2+ 70. Kg4 Qeg1+ 71. Rg3 Qgxg3+ 72. hxg3 Qf5+ 73. Kh4 Qh5# 0-1

[Event "Titled Tuesday intern op 01st Aug Early"]
[Site "Chess.com INT"]
[Date "2023.08.01"]
[Round "4"]
[White "Zaichenko, Daria"]
[Black "Derige Kane, Yan"]
[Result "0-1"]
[WhiteElo "2104"]
[BlackElo "2162"]
[PlyCount "58"]
[EventDate "2023.08.01"]
[EventType "swiss (blitz)"]
[EventRounds "11"]
[EventCountry "USA"]
[SourceTitle "EXT 2024"]
[Source "ChessBase"]
[SourceDate "2023.10.10"]
[SourceVersion "1"]
[SourceVersionDate "2023.10.10"]
[SourceQuality "1"]

1. e4 c6 2. d4 d5 3. Nc3 dxe4 4. Nxe4 Nf6 5. Nxf6+ exf6 6. c3 Bd6 7. Bd3 0-0 8. Qc2 Re8+ 9. Be3 h5 10. 0-0-0 Be6 11. Kb1 Nd7 12. Ne2 Qa5 13. b3 Nf8 14. Ng3 g6 15. f4 f5 16. c4 Qc7 17. Rhf1 Bxc4 18. bxc4 Rxe3 19. Bxf5 Bxf4 20. Qf2 Bh6 21. Bc2 Rae8 22. d5 Bg7 23. Ne4 R8xe4 24. Bxe4 Rxe4 25. Rd3 Qe5 26. Qxf7+ Kh7 27. Kc2 Qb2+ 28. Kd1 Qe2+ 29. Kc1 Qxd3 0-1

[Event "La Plagne Soleil op"]
[Site "La Plagne"]
[Date "2023.07.08"]
[Round "1"]
[White "Derige Kane, Yan"]
[Black "Maurizzi, Marc Andria"]
[Result "0-1"]
[WhiteElo "2226"]
[BlackElo "2556"]
[PlyCount "96"]
[EventDate "2023.07.08"]
[EventType "swiss"]
[EventRounds "9"]
[EventCountry "FRA"]
[SourceTitle "CBM 215 Extra"]
[Source "ChessBase"]
[SourceDate "2023.09.30"]
[SourceVersion "1"]
[SourceVersionDate "2023.09.30"]
[SourceQuality "1"]

1. d4 Nf6 2. Bg5 c5 3. d5 d6 4. Nc3 h6 5. Bd2 b5 6. Nxb5 Nxd5 7. Nf3 Nb6 8. e4 Nc6 9. c4 Bg4 10. Bc3 a6 11. Na3 Nd4 12. Bxd4 Bxf3 13. gxf3 cxd4 14. Qxd4 e5 15. Qd2 Na4 16. Qd5 Rc8 17. Bh3 Rc7 18. Qa5 Nc5 19. Rd1 Qb8 20. b4 Ne6 21. Bxe6 fxe6 22. Qa4+ Kf7 23. c5 dxc5 24. Nc4 Qxb4+ 25. Qxb4 cxb4 26. Nxe5+ Ke8 27. 0-0 g5 28. Rc1 Rhh7 29. Nd3 Rc3 30. Rxc3 bxc3 31. Rc1 Rc7 32. Rc2 Bg7 33. Kf1 Bd4 34. f4 Rf7 35. fxg5 hxg5 36. Kg2 g4 37. Nc1 Rf3 38. h4 Kf7 39. Ne2 Be5 40. Nc1 Rh3 41. Kf1 Rxh4 42. Nd3 Bd4 43. Nb4 Rh2 44. Nc6 e5 45. Nb4 a5 46. Nd5 g3 47. Nxc3 Bxf2 48. Re2 Bd4 0-1

[Event "Titled Tuesday intern op 08th Nov Late"]
[Site "Chess.com INT"]
[Date "2022.11.08"]
[Round "4"]
[White "Derige Kane, Yan"]
[Black "Onslow, Alfie"]
[Result "1-0"]
[WhiteElo "2149"]
[BlackElo "2115"]
[PlyCount "69"]
[EventDate "2022.11.08"]
[EventType "swiss (blitz)"]
[EventRounds "11"]
[EventCountry "USA"]
[SourceTitle "EXT 2024"]
[Source "ChessBase"]
[SourceDate "2023.10.10"]
[SourceVersion "1"]
[SourceVersionDate "2023.10.10"]
[SourceQuality "1"]

1. f4 e5 2. fxe5 d6 3. Nf3 dxe5 4. e4 Nc6 5. Bc4 Bc5 6. c3 Nf6 7. b4 Bd6 8. d3 0-0 9. 0-0 Be6 10. Na3 Bxc4 11. Nxc4 h6 12. b5 Nb8 13. Nfxe5 a6 14. b6 cxb6 15. Nxd6 Qxd6 16. Nc4 Qc5+ 17. Be3 Qe7 18. Nxb6 Nbd7 19. Nxa8 Rxa8 20. Bd4 Rc8 21. a4 Ne5 22. Rf5 Nfd7 23. Rb1 g6 24. Rf1 b6 25. Kh1 Qd6 26. Qd2 Kh7 27. Rf4 f6 28. Rbf1 g5 29. Rf5 Kg6 30. Bxe5 fxe5 31. d4 b5 32. axb5 axb5 33. Qe3 b4 34. dxe5 Rxc3 35. Qxc3 1-0

[Event "Titled Tuesday intern op 08th Nov Late"]
[Site "Chess.com INT"]
[Date "2022.11.08"]
[Round "7"]
[White "Howell, David"]
[Black "Derige Kane, Yan"]
[Result "1-0"]
[WhiteElo "2667"]
[BlackElo "2149"]
[PlyCount "69"]
[EventDate "2022.11.08"]
[EventType "swiss (blitz)"]
[EventRounds "11"]
[EventCountry "USA"]
[SourceTitle "EXT 2024"]
[Source "ChessBase"]
[SourceDate "2023.10.10"]
[SourceVersion "1"]
[SourceVersionDate "2023.10.10"]
[SourceQuality "1"]

1. d4 Nf6 2. Nf3 e6 3. g3 b6 4. Bg2 Bb7 5. 0-0 Be7 6. c4 0-0 7. Bf4 d6 8. Re1 Nbd7 9. Qc2 Be4 10. Qb3 c5 11. Nc3 Bb7 12. dxc5 Nxc5 13. Qc2 d5 14. Rad1 Rc8 15. Ne5 Qe8 16. cxd5 exd5 17. Qf5 Rd8 18. Bg5 h6 19. Bxf6 Bxf6 20. Ng4 Bxc3 21. bxc3 Qe6 22. Qf4 Ne4 23. Rd3 Rc8 24. Rc1 Rfd8 25. Ne3 d4 26. Rcd1 Nxc3 27. Rxc3 dxc3 28. Rxd8+ Rxd8 29. Bxb7 Qd7 30. Be4 Qd2 31. Qf5 a5 32. Qh7+ Kf8 33. Nf5 Ke8 34. Bc6+ Kf8 35. Qh8# 1-0

[Event "Cassis op 1st"]
[Site "Cassis"]
[Date "2022.05.28"]
[Round "5"]
[White "Derige Kane, Yan"]
[Black "Yankelevich, Lev"]
[Result "0-1"]
[WhiteElo "2161"]
[BlackElo "2473"]
[PlyCount "106"]
[EventDate "2022.05.26"]
[EventType "swiss"]
[EventRounds "7"]
[EventCountry "FRA"]
[SourceTitle "CBM 208 Extra"]
[Source "ChessBase"]
[SourceDate "2022.07.31"]
[SourceVersion "1"]
[SourceVersionDate "2022.07.31"]
[SourceQuality "1"]

1. d4 Nf6 2. Bg5 d5 3. e3 c5 4. Nd2 cxd4 5. exd4 Qb6 6. Ngf3 Nc6 7. Nb3 Bf5 8. Bd3 Bxd3 9. Qxd3 e6 10. 0-0 Bd6 11. Qe3 Ng4 12. Qd2 Qc7 13. h3 Nf6 14. Qe2 Ne4 15. c4 0-0 16. c5 Bf4 17. Bxf4 Qxf4 18. Nc1 Qf6 19. Qe3 b6 20. Nd3 bxc5 21. dxc5 Rab8 22. Rab1 a5 23. Rfc1 Rb5 24. Nd2 Qd4 25. Nxe4 dxe4 26. Nf4 Qxe3 27. fxe3 Rd8 28. b3 Rd2 29. a3 g5 30. Nh5 f5 31. Rd1 Rd3 32. Kf2 Rxc5 33. b4 Rc2+ 34. Kg1 axb4 35. axb4 Nxb4 36. Rdc1 Rxc1+ 37. Rxc1 Nd5 38. Rc8+ Kf7 39. Ra8 Nxe3 40. Ra7+ Kg6 41. Ng7 Rd2 42. Nxe6 Rxg2+ 43. Kh1 Rg3 44. Nf8+ Kf6 45. Rxh7 f4 46. Nd7+ Ke6 47. Nf8+ Kd5 48. Rd7+ Kc4 49. Ne6 Rxh3+ 50. Kg1 Rg3+ 51. Kf2 Rg2+ 52. Ke1 f3 53. Rd4+ Kc3 0-1

[Event "Titled Tuesday intern op 08th Mar Late"]
[Site "Chess.com INT"]
[Date "2022.03.08"]
[Round "3"]
[White "Derige Kane, Yan"]
[Black "Fishbein, Alexander"]
[Result "0-1"]
[WhiteElo "2157"]
[BlackElo "2434"]
[PlyCount "94"]
[EventDate "2022.03.08"]
[EventType "swiss (blitz)"]
[EventRounds "11"]
[EventCountry "USA"]
[SourceTitle "CBM 207 Extra"]
[Source "ChessBase"]
[SourceDate "2022.05.31"]
[SourceVersion "1"]
[SourceVersionDate "2022.05.31"]
[SourceQuality "1"]

1. Nf3 Nf6 2. g3 g6 3. Bg2 Bg7 4. 0-0 0-0 5. b3 d6 6. Bb2 e5 7. d3 c5 8. Nbd2 Nc6 9. c3 d5 10. d4 e4 11. Ne5 Nxe5 12. dxe5 Ng4 13. c4 e3 14. Nf3 exf2+ 15. Kh1 d4 16. Bc1 Bf5 17. h3 Nxe5 18. Rxf2 d3 19. Nxe5 Bxe5 20. e4 Bxa1 21. exf5 Bd4 22. Rf3 Qe7 23. Rxd3 Rfe8 24. fxg6 Qe1+ 25. Kh2 Bg1+ 26. Kh1 Bf2+ 27. Bf1 hxg6 28. Bf4 Qxd1 29. Rxd1 Re1 30. Rxe1 Bxe1 31. Bg2 Re8 32. Bxb7 Re2 33. Bd6 Rxa2 34. Bxc5 Bxg3 35. Bd5 a5 36. Bb6 Be1 37. c5 Bf2 38. b4 Ra1+ 39. Kg2 Bd4 40. bxa5 Bxc5 41. Bc7 Bb4 42. Kf3 Bxa5 43. Be5 Ra3+ 44. Kg4 Bc3 45. Bg3 Kg7 46. h4 f5+ 47. Kf4 Bd2+ 0-1

[Event "Titled Tuesday intern op 08th Mar Late"]
[Site "Chess.com INT"]
[Date "2022.03.08"]
[Round "11"]
[White "Karttunen, Mika"]
[Black "Derige Kane, Yan"]
[Result "1-0"]
[WhiteElo "2489"]
[BlackElo "2157"]
[PlyCount "87"]
[EventDate "2022.03.08"]
[EventType "swiss (blitz)"]
[EventRounds "11"]
[EventCountry "USA"]
[SourceTitle "CBM 207 Extra"]
[Source "ChessBase"]
[SourceDate "2022.05.31"]
[SourceVersion "1"]
[SourceVersionDate "2022.05.31"]
[SourceQuality "1"]

1. e4 c5 2. Nf3 Nc6 3. d4 cxd4 4. Nxd4 Nf6 5. Nc3 e5 6. Ndb5 d6 7. Nd5 Nxd5 8. exd5 Ne7 9. a4 Ng6 10. a5 Be7 11. Be3 0-0 12. Bxa7 f5 13. Bb6 Qd7 14. Nc7 f4 15. Nxa8 f3 16. g3 e4 17. h4 Ne5 18. Nc7 Ng4 19. Bh3 Bf6 20. c3 Qf7 21. Bxg4 Bxg4 22. Qb3 Bd8 23. Ne6 Bxb6 24. axb6 Re8 25. c4 h6 26. Qe3 Bxe6 27. dxe6 Qxe6 28. b3 d5 29. cxd5 Qxd5 30. 0-0 Qf5 31. Kh2 g5 32. Rg1 Kh7 33. Rac1 Qe5 34. Rc5 Qd6 35. Rc7+ Kg6 36. Rxb7 Re5 37. Qc3 gxh4 38. gxh4+ Rg5+ 39. Rg3 Rxg3 40. Rg7+ Kh5 41. Rxg3 Qxb6 42. Qe5+ Kxh4 43. Qf4+ Kh5 44. Qg4# 1-0

[Event "Titled Tuesday intern op 08th Mar Early"]
[Site "Chess.com INT"]
[Date "2022.03.08"]
[Round "8"]
[White "Maneluk, Daniil"]
[Black "Derige Kane, Yan"]
[Result "1-0"]
[WhiteElo "2283"]
[BlackElo "2157"]
[PlyCount "101"]
[EventDate "2022.03.08"]
[EventType "swiss (blitz)"]
[EventRounds "11"]
[EventCountry "USA"]
[SourceTitle "CBM 207 Extra"]
[Source "ChessBase"]
[SourceDate "2022.05.31"]
[SourceVersion "1"]
[SourceVersionDate "2022.05.31"]
[SourceQuality "1"]

1. e4 d5 2. exd5 c6 3. d6 exd6 4. Nf3 d5 5. d4 Bd6 6. Bd3 Ne7 7. 0-0 Nd7 8. h3 0-0 9. c3 Ng6 10. Bg5 Qc7 11. Qc2 Re8 12. Nbd2 Ndf8 13. Rae1 Bd7 14. Nb3 Ne6 15. Bd2 a5 16. a4 Nef4 17. Bxf4 Bxf4 18. Nc5 b6 19. Nxd7 Qxd7 20. Bxg6 hxg6 21. Ne5 Qd6 22. Nd3 Bg5 23. Re2 Re4 24. Rfe1 Rae8 25. Ne5 Rxe2 26. Rxe2 Qe6 27. Kf1 c5 28. dxc5 bxc5 29. Nd3 Qxe2+ 30. Qxe2 Rxe2 31. Kxe2 c4 32. Ne5 Bc1 33. Nc6 Bxb2 34. Kd2 Kf8 35. Nxa5 d4 36. Nxc4 Bxc3+ 37. Kd3 Ke8 38. Ne5 g5 39. Nf3 f6 40. Nxd4 Be1 41. f3 Kd7 42. Ke4 g6 43. Kd5 Bf2 44. Ne6 Be3 45. a5 f5 46. Nf8+ Ke7 47. Nxg6+ Kf6 48. Ne5 g4 49. hxg4 Kg5 50. gxf5 Kxf5 51. a6 1-0

[Event "Titled Tuesday intern op 08th Mar Late"]
[Site "Chess.com INT"]
[Date "2022.03.08"]
[Round "6"]
[White "Salimova, Nurgyul"]
[Black "Derige Kane, Yan"]
[Result "1-0"]
[WhiteElo "2399"]
[BlackElo "2157"]
[PlyCount "71"]
[EventDate "2022.03.08"]
[EventType "swiss (blitz)"]
[EventRounds "11"]
[EventCountry "USA"]
[SourceTitle "CBM 207 Extra"]
[Source "ChessBase"]
[SourceDate "2022.05.31"]
[SourceVersion "1"]
[SourceVersionDate "2022.05.31"]
[SourceQuality "1"]

1. e4 c5 2. Nf3 Nc6 3. Bb5 e6 4. 0-0 Nge7 5. Re1 a6 6. Bf1 Ng6 7. c3 Be7 8. d4 cxd4 9. cxd4 d5 10. e5 0-0 11. Nc3 Bd7 12. g3 Rc8 13. h4 f6 14. h5 Nh8 15. h6 g6 16. exf6 Bxf6 17. Bf4 Nf7 18. Bh3 Re8 19. Qd2 Na5 20. b3 Nc6 21. Re2 Qa5 22. Rae1 Nxd4 23. Nxd4 Qxc3 24. Qxc3 Rxc3 25. Bxe6 Bxe6 26. Rxe6 Rxe6 27. Rxe6 Nxh6 28. Rxf6 Ng4 29. Rd6 Rd3 30. Rxd5 Nf6 31. Rd8+ Kf7 32. Nc6 Rc3 33. Ne5+ Ke6 34. Nc4 b5 35. Rd6+ Kf5 36. Rxf6+ 1-0

[Event "Titled Tuesday intern op 08th Mar Early"]
[Site "Chess.com INT"]
[Date "2022.03.08"]
[Round "3"]
[White "Thomas, Anysia"]
[Black "Derige Kane, Yan"]
[Result "0-1"]
[WhiteElo "2128"]
[BlackElo "2157"]
[PlyCount "76"]
[EventDate "2022.03.08"]
[EventType "swiss (blitz)"]
[EventRounds "11"]
[EventCountry "USA"]
[SourceTitle "CBM 207 Extra"]
[Source "ChessBase"]
[SourceDate "2022.05.31"]
[SourceVersion "1"]
[SourceVersionDate "2022.05.31"]
[SourceQuality "1"]

1. d4 c5 2. d5 Nf6 3. Nc3 g6 4. e4 d6 5. Bb5+ Nbd7 6. a4 Bg7 7. h3 0-0 8. Nf3 a6 9. Be2 Re8 10. 0-0 e6 11. dxe6 Rxe6 12. Bc4 Re8 13. Qxd6 Nb6 14. Qxd8 Rxd8 15. Be2 Be6 16. Bg5 h6 17. Be3 Rac8 18. Rfd1 Nc4 19. Rxd8+ Rxd8 20. Bxc4 Bxc4 21. Bxc5 Nh5 22. Bb4 Nf4 23. a5 Ne2+ 24. Nxe2 Bxe2 25. Rb1 Bd1 26. c3 Bc2 27. Re1 Bd1 28. Re3 Bb3 29. g3 Rd1+ 30. Re1 Rd3 31. Kg2 h5 32. Re3 Rd1 33. e5 Bh6 34. Re1 Rd3 35. Nd4 Bd5+ 36. Kh2 Rd2 37. Re2 Rd1 38. g4 Bf4# 0-1

[Event "Titled Tuesday intern op 10th Aug"]
[Site "Chess.com INT"]
[Date "2021.08.10"]
[Round "2"]
[White "Derige Kane, Yan"]
[Black "Harika, Dronavalli"]
[Result "0-1"]
[WhiteElo "2229"]
[BlackElo "2515"]
[PlyCount "96"]
[EventDate "2021.08.10"]
[EventType "swiss (blitz)"]
[EventRounds "11"]
[EventCountry "USA"]
[SourceTitle "CBM 203 Extra"]
[Source "ChessBase"]
[SourceDate "2021.09.30"]
[SourceVersion "1"]
[SourceVersionDate "2021.09.30"]
[SourceQuality "1"]

1. d4 Nf6 2. Bg5 g6 3. Bxf6 exf6 4. c4 Bg7 5. Nc3 f5 6. g3 0-0 7. Bg2 d6 8. e3 Nd7 9. Nge2 Nf6 10. 0-0 h5 11. h4 c6 12. Qd3 Re8 13. b4 Be6 14. a4 d5 15. cxd5 Nxd5 16. b5 Rc8 17. Rfb1 c5 18. Nxd5 Bxd5 19. Bxd5 Qxd5 20. Nf4 Qe4 21. Qxe4 fxe4 22. Rd1 cxd4 23. exd4 e3 24. Rac1 Rxc1 25. Rxc1 Bxd4 26. Nd3 exf2+ 27. Kg2 Re3 28. Nxf2 Re2 29. Rf1 Kg7 30. Kf3 Rxf2+ 31. Rxf2 Bxf2 32. Kxf2 Kf6 33. Kf3 Kf5 34. a5 f6 35. Ke3 Ke5 36. Kd3 Kd5 37. b6 axb6 38. axb6 g5 39. Ke3 Ke5 40. Kd3 gxh4 41. gxh4 f5 42. Ke3 f4+ 43. Kd3 Kf5 44. Kd4 f3 45. Ke3 Kg4 46. Kf2 Kf4 47. Kf1 Kg3 48. Kg1 Kxh4 0-1

[Event "Titled Tuesday intern op 10th Aug"]
[Site "Chess.com INT"]
[Date "2021.08.10"]
[Round "1"]
[White "Md Jamal, Uddin"]
[Black "Derige Kane, Yan"]
[Result "0-1"]
[WhiteElo "2054"]
[BlackElo "2229"]
[PlyCount "88"]
[EventDate "2021.08.10"]
[EventType "swiss (blitz)"]
[EventRounds "11"]
[EventCountry "USA"]
[SourceTitle "CBM 203 Extra"]
[Source "ChessBase"]
[SourceDate "2021.09.30"]
[SourceVersion "1"]
[SourceVersionDate "2021.09.30"]
[SourceQuality "1"]

1. e4 c5 2. Nf3 Nc6 3. d4 cxd4 4. Nxd4 e5 5. Nb5 d6 6. N1c3 a6 7. Na3 b5 8. Nd5 Nge7 9. Bg5 f6 10. Bh4 Be6 11. c3 Ng6 12. Bg3 Be7 13. Bd3 0-0 14. 0-0 Rb8 15. Nc2 a5 16. Nce3 b4 17. c4 Nd4 18. b3 Ra8 19. Nf5 Bxf5 20. exf5 Nh8 21. f4 Nf7 22. fxe5 dxe5 23. Be4 Bc5 24. Qg4 Nh6 25. Qh3 Nxb3+ 26. Kh1 Nxa1 27. Rxa1 a4 28. Rb1 Rb8 29. Be1 b3 30. axb3 Rxb3 31. Rxb3 axb3 32. Qxb3 Qb8 33. Qc2 Ng4 34. h3 Ne3 35. Qe2 Nxd5 36. Bxd5+ Kh8 37. Kh2 Qb1 38. Be4 Qc1 39. Bd2 Qg1+ 40. Kg3 Rd8 41. Be1 Be3 42. Bd5 Bf4+ 43. Kg4 Qd4 44. Kf3 Rb8 0-1

[Event "Titled Tuesday intern op 20th July"]
[Site "Chess.com INT"]
[Date "2021.07.20"]
[Round "7"]
[White "Derige Kane, Yan"]
[Black "Pein, Jonathan"]
[Result "0-1"]
[WhiteElo "2253"]
[BlackElo "2257"]
[PlyCount "108"]
[EventDate "2021.07.20"]
[EventType "swiss (blitz)"]
[EventRounds "11"]
[EventCountry "USA"]
[SourceTitle "CBM 203 Extra"]
[Source "ChessBase"]
[SourceDate "2021.09.30"]
[SourceVersion "1"]
[SourceVersionDate "2021.09.30"]
[SourceQuality "1"]

1. d4 Nf6 2. Bg5 c5 3. d5 b5 4. Bxf6 gxf6 5. Nc3 b4 6. Ne4 f5 7. Ng3 d6 8. Nf3 Bg7 9. Qc1 h5 10. h4 Qa5 11. e3 Bb7 12. Nxf5 Bf6 13. e4 Nd7 14. Be2 b3+ 15. c3 bxa2 16. 0-0 Rg8 17. Bc4 Rg4 18. Qe3 0-0-0 19. Rxa2 Qb6 20. Rfa1 Rdg8 21. g3 e6 22. Nh6 exd5 23. Nxg8 dxc4 24. Nxf6 Nxf6 25. Qh6 Nxe4 26. Qf8+ Qd8 27. Qxf7 Nxg3 28. fxg3 Rxg3+ 29. Kf2 Rxf3+ 30. Qxf3 Bxf3 31. Kxf3 Qxh4 32. Rxa7 Qg4+ 33. Ke3 Qg3+ 34. Ke4 Qe5+ 35. Kf3 h4 36. Ra8+ Kb7 37. R1a6 Qg3+ 38. Ke4 Qg2+ 39. Kf5 Qxb2 40. R8a7+ Kb8 41. Ra8+ Kc7 42. R8a7+ Kb8 43. Ke6 Qe2+ 44. Kd7 Qg4+ 45. Kc6 Qc8+ 46. Kd5 Qf5+ 47. Kc6 Qe4+ 48. Kxd6 h3 49. Kxc5 h2 50. Rg7 Qe5+ 51. Kb4 Qxg7 52. Rb6+ Qb7 53. Rxb7+ Kxb7 54. Kxc4 h1Q 0-1